Media and society : (Record no. 4121)
[ view plain ]
| 000 -LEADER | |
|---|---|
| fixed length control field | 01612nam a2200205 a 4500 |
| 020 ## - INTERNATIONAL STANDARD BOOK NUMBER | |
| ISBN | 9780335227235 |
| 050 #4 - CALL NUMBER | |
| Classification number | HM1206 |
| Item number | .B87 2010 |
| 100 1# - AUTHOR | |
| Personal name | Burton, Graeme. |
| 245 10 - TITLE | |
| Title | Media and society : |
| Remainder of title | critical perspectives / |
| Statement of responsibility, etc | Graeme Burton. |
| 250 ## - EDITION | |
| Edition statement | Second edition. |
| 260 ## - PUBLICATION INFORMATION | |
| Place of publication | Maidenhead : |
| Name of publisher | Open University Press ; New York : McGraw Hill, |
| Year of publication | 2010. |
| 300 ## - DESCRIPTION | |
| Number of Pages | 1 online resource (342 pages) : |
| Other physical details | illustrations, portraits. |
| 500 ## - NOTES | |
| General note | First published 2005. Reprinted 2007. |
| 500 ## - NOTES | |
| General note | Includes glossary. |
| 500 ## - NOTES | |
| General note | Electronic resource. |
| 505 ## - FORMATTED CONTENTS NOTE | |
| Table of Content | Front cover; Half title; Title page; Copyright page; Contents; Figures and illustrations; Acknowledgements; Introduction; 1 Media texts:Features and deconstructions; 2 Media institutions: Key areas and their implications for understanding media; 3 Audiences and effects: Defining audiences and exploring their relationships with texts; 4 Media --<br/>audience --<br/>influence: Questions of effects: politics, children, violence; 5 Popular music: Questioning the popular, questioning control, questioning the global; 6 The media and new technology: Technologies changing the media and changing consumption. 7 Advertising: Its relationship with media industries and with audiences8 News: Different kinds of news: constructing the world; 9 Sport and representation: Media defining sport; sport as business; sport and meaning; 10 Globalization and the media: Questions of power and of cultural exchange; Glossary; References; Selected websites; Index; Back cover. |
| 650 #0 - SUBJECTS | |
| Topical Term | Mass media |
| General subdivision | Social aspects. |
| 710 2# - OTHER AUTHORS | |
| OTHER AUTHORS | ProQuest (Firm) |
| 942 ## - ADDED ENTRY ELEMENTS (KOHA) | |
| Koha item type | Books |
| Withdrawn status | Lost status | Collection code | Home library | Current library | Shelving location | Date acquired | Full call number | Accession Number | Koha item type |
|---|---|---|---|---|---|---|---|---|---|
| Reference | Methodist University Library Main | Methodist University Library Main | General Stacks | 22/08/2018 | HM1206 .B87 2010 | 1200 | Books |